| 000 | 00423nam a22001697a 4500 | ||
|---|---|---|---|
| 003 | NUST | ||
| 020 | _a9789350040645 | ||
| 038 | _akhadija | ||
| 082 | _a620.0042028 TIC | ||
| 100 |
_aTickoo, Sham _963924 |
||
| 245 | _aAUTOCAD 2011 FOR ENGINEERS AND GESIGNERS | ||
| 260 |
_aNew Delhi: _bDreamtech press, _c2011. |
||
| 300 |
_a1. V (Unpaged). ; _b28 cm. |
||
| 500 | _aPaperback. | ||
| 563 | _apaper back | ||
| 942 |
_cBK _2ddc |
||
| 999 |
_c32755 _d32755 |
||